000 01297nam a22002177a 4500
999 _c3679
_d3679
003 OSt
005 20240517104525.0
008 240517b ||||| |||| 00| 0 eng d
020 _a9781009312004
040 _cKH8
082 _a495.1 ZHA
100 _aZhang, Lijing,
_eauthor.
245 _aChinese Language & Literature for Cambridge International A Level :
_bCoursebook /
_cLijing Zhang, Zhiyu Zhao & Yijung Peng.
260 _aUK;
_bCambridge University Press,
_c2023.
300 _aix, 294 pages:
_bcolor illustrations ;
_c8.65 x 0.56 x 10.82 inches.
500 _aInclude digital access
520 _aThis coursebook helps students practise and develop core skills across reading and writing, including essay writing and discursive writing. The coursebook supports students to develop an appreciation for the Chinese language, as well as its literature and culture. Students explore a variety of topics including novel and poetry appreciation. Suitable for the Cambridge International A Level Chinese Language & Literature syllabus (9868) for examination from 2024. Regular reflection and self-assessment opportunities support students to become independent learners and assess their own progress.
700 _aZhao, Zhiyu,
_eauthor.
700 _aPeng, Yijun,
_eauthor.
942 _2ddc
_cTR